Loggerheads /

Gorde:
Xehetasun bibliografikoak
Beste egile batzuk: Harper, Tess, Pardue, Kip, Kelly, Michael (attore), Kirkman, Tim, Geary, Mark, Learned, Michael, Sarandon, Chris
Formatua: Diapositiba
Hizkuntza:ingelesa
Argitaratua: [Usa] : Strand Releasing, [2006]
Etiketak: Etiketa erantsi
Etiketarik gabe, Izan zaitez lehena erregistro honi etiketa jartzen!

MARC

LEADER 00000ngm a22000007i 4500
001 IT\ICCU\UBO\4180530
003 ItRI
005 20260124182814.0
008 160428s2006 xxu|||||||||||||||k|||||c
028 4 2 |a 25152 
040 |b ita 
041 7 |a eng  |2 ISO-639-2 
130 0 |a Loggerheads <film ; 2005>  |3 IT\ICCU\UBO\4180531 
245 0 0 |a Loggerheads /  |c written and directed by Tim Kirkman ; original score composed by Mark Geary. 
260 |a [Usa] :  |b Strand Releasing,  |c [2006] 
300 |a 1 DVD video (ca. 96 min.) :  |b color., sonoro ;  |c in contenitore, 19 cm 
500 |a Caratteristiche tecniche: regione 1 
500 |a Interpreti: Tess Harper, Bonnie Hunt, Michael Kelly, Michael Learned, Kip Pardue, Chris Sarandon 
500 |a Produzione cinematografica: USA, 2005 
500 |a Contenuti extra: commentary track by writer/director Tim Kirkman, interviews with actors Bonnie Hunt and Kip Pardue, deleted scene, still gallery, theatrical trailer 
500 |a Vietato ai minori di 13 anni. 
700 1 |a Harper, Tess  |0 IT\ICCU\LO1V\305169 
700 1 |a Pardue, Kip  |0 IT\ICCU\RAVV\329316 
700 1 |a Kelly, Michael  |c  (attore)  |0 IT\ICCU\RAVV\403476 
700 1 |a Kirkman, Tim  |0 IT\ICCU\UBOV\428241 
700 1 |a Geary, Mark  |0 IT\ICCU\UBOV\428242 
700 1 |a Learned, Michael  |0 IT\ICCU\UBOV\428243 
700 1 |a Sarandon, Chris  |0 IT\ICCU\UBOV\557250 
942 |2 ddc  |c VM  |n 0 
952 |0 0  |1 0  |4 0  |6 VO_2195_000000000000000  |7 0  |9 26590  |a BO  |b BO  |d 2026-01-24  |i 18113  |l 0  |o VO 2195  |p BO18113  |r 2026-01-24 18:28:14  |w 2026-01-24  |x [Sebina 5] [1 dvd]  |y VM  |z 1 dvd 
999 |c 22489  |d 22489